banner-ar

حقوق الانسان للنساء بين الاعتراف الدولى وتحفظات الدول العربية / (Record no. 66180)

MARC details
000 -الفاتح
حقل البيانات ثابتة الطول 01015nam a22002537a 4500
005 - وقت وتاريخ اخر تعامل مع التسجيلة
رقم الضبط 20240530110904.0
008 - عناصر البيانات ثابتة الطول - معلومات عامة
حقل البيانات ثابتة الطول 220214s2008 ua g 000 0 ara d
017 ## - رقم الايداع القانونى
المصدر ( الهيئة المختصة) مصر. دار الكتب
رقم الايداع القانونى 2008/19708
040 ## - مصدر الفهرسة
وكالة الفهرسة الأصلية EG-CaGPL
وكالة النسخ EG-CaGPL
082 04 - رقم تصنيف ديوى العشرى
رقم الطبعة 21
رقم التصنيف 323.34 /
رقم المادة ا ح
100 0# - المدخل الرئيسى - إسم شخصى
الإسم الشخصى الحبيب الحمدونى
245 10 - بيان العنوان
العنوان حقوق الانسان للنساء بين الاعتراف الدولى وتحفظات الدول العربية /
بيان المسئوليه,etc الحبيب الحمدونى ، حفيظة شقير
250 ## - بيان الطبعة
بيان الطبعة ط. 1
260 ## - PUBLICATION, DISTRIBUTION, ETC. (IMPRINT)
تاريخ النشر أو التوزيع 2008
300 ## - الوصف المادى
التعداد 186 ص. ؛
أبعاد الوعاء 20 سم
490 0# - بيان السلسلة
عنوان السلسلة تعليم حقوق الانسان ؛
رقم المجلد/ التعيين التسلسلي 20
650 07 - المدخل الاضافى بالموضوع-مصطلح موضوعى
مصدر الرأس أو المصطلح qrmak
مصطلح موضوعي حقوق المراة
650 07 - المدخل الاضافى بالموضوع-مصطلح موضوعى
مصطلح موضوعي المراة
مصدر الرأس أو المصطلح qrmak
653 0# - مصطلح تكشيفى غير مقيد
مصطلح غير مقيد التمييز ضد النساء
700 0# - المدخل الاضافى - اسم شخصى
الإسم الشخصى فريدة النقاش
الدور مقدم
700 0# - المدخل الاضافى - اسم شخصى
الإسم الشخصى حفيظة شقير
942 ## - عناصر المدخل الإضافي( كوها)
مصدر التصنيف او مخطط الترفيف Dewey Decimal Classification
Koha [default] item type كتاب
260 ## - PUBLICATION, DISTRIBUTION, ETC. (IMPRINT)
-- القاهرة :
-- مركز القاهرة لدراسات حقوق الانسان ،
Holdings
حالة التراجع حالة الفقد حالة تلف ليس للاعارة المكان المؤقت الموقع الحالى موقع الترفيف تاريخ الاكتساب اجمالي اﻻعارات رقم الطلب الباركود تاريخ اخر مشاهدة تاريخ تفعيل السعر نوع وعاء كوها
        مكتبة القاهرة الكبرى مكتبة القاهرة الكبرى ق الرئيسية_العلوم الاجتماعية_ك عربى 02/20/2022   323.34 / ا ح 167439 02/20/2022 02/20/2022 كتاب

Powered By

EGPV